00714nam a2200241 a 4500001001300000003000900013005001700022008004100039020002300080082001500103100002200118245005300140260003600193300001000229500003500239505001800274650002300292700002200315902000800337942000700345952010500352999001500457nice12345678IN_TiNIC20260116011635.0050524s1971 newa grp 000 0 eng  a0687994 c12900a220.7bLAY aLaymon, Charles M aInterpreter`s One-Volume Commentary on the Bible aNew YorkbAbingdon Press c1971 a1386p aincludes index and biblioraphy2 aIndices, Maps aBible-Commentaries1 aLaymon, Charles M bRHR cBK 001040708REFaHMIbHMIcREFd2007-06-18g129.00l0o220.7 LAYp06330r2007-06-18w2026-01-16yBK c3052d3052